000 00242nam a22000857a 4500
008 160706b xxu||||| |||| 00| 0 eng d
100 _92340
_a Mahajan, V.D
245 _aHistory of Modern Europe Since 1789
260 _aNew Delhi
_bS.Chand & Com
_c1989
999 _c2017
_d2017